La educación en el siglo XXI (Record no. 14696)

MARC details
000 -LEADER
campo de control de longitud fija 01325nmc a2200457 a 4500
003 - IDENTIFICADOR DE NÚMERO DE CONTROL
campo de control AR-BaBNM
005 - FECHA Y HORA DE LA ÚLTIMA TRANSACCIÓN
campo de control 20251128210249.0
008 - DATOS DE LONGITUD FIJA--INFORMACIÓN GENERAL
campo de control de longitud fija 011101s1999 ||||||||||||||000 | spa||
020 ## - NÚMERO INTERNACIONAL ESTÁNDAR DEL LIBRO
Número Internacional Estándar del Libro 84-7827-210-0
040 ## - FUENTE DE CATALOGACIÓN
Centro/agencia transcriptor AR-BaBNM
245 10 - MENCIÓN DEL TÍTULO
Título La educación en el siglo XXI
Resto del título los retos del futuro inmediato
250 ## - MENCION DE EDICION
Mención de edición 2ª ed.
260 ## - PUBLICACIÓN, DISTRIBUCIÓN, ETC.
Lugar de publicación, distribución, etc. Barcelona
Nombre del editor, distribuidor, etc. Graó
Fecha de publicación, distribución, etc. 1999
300 0# - DESCRIPCIÓN FÍSICA
Extensión 180 p.
490 #0 - MENCIÓN DE SERIE
Mención de serie Biblioteca de aula. Pedagogía: teoría y práctica
Designación de volumen o secuencia v. 136
500 0# - NOTA GENERAL
Nota general Contiene referencias bibliográficas al final de cada capítulo
650 #4 - PUNTO DE ACCESO ADICIONAL DE MATERIA--TÉRMINO DE MATERIA
Término de materia o nombre geográfico como elemento de entrada POLITICA EDUCATIVA
650 #4 - PUNTO DE ACCESO ADICIONAL DE MATERIA--TÉRMINO DE MATERIA
Término de materia o nombre geográfico como elemento de entrada TEORIAS DE LA EDUCACION
650 #4 - PUNTO DE ACCESO ADICIONAL DE MATERIA--TÉRMINO DE MATERIA
Término de materia o nombre geográfico como elemento de entrada REFORMA DE LA EDUCACION
650 #4 - PUNTO DE ACCESO ADICIONAL DE MATERIA--TÉRMINO DE MATERIA
Término de materia o nombre geográfico como elemento de entrada RACISMO
650 #4 - PUNTO DE ACCESO ADICIONAL DE MATERIA--TÉRMINO DE MATERIA
Término de materia o nombre geográfico como elemento de entrada EDUCACION MORAL
650 #4 - PUNTO DE ACCESO ADICIONAL DE MATERIA--TÉRMINO DE MATERIA
Término de materia o nombre geográfico como elemento de entrada SIGLO VEINTIUNO
651 #4 - PUNTO DE ACCESO ADICIONAL DE MATERIA--NOMBRE GEOGRÁFICO
Nombre geográfico Estados Unidos
651 #4 - PUNTO DE ACCESO ADICIONAL DE MATERIA--NOMBRE GEOGRÁFICO
Nombre geográfico España
651 #4 - PUNTO DE ACCESO ADICIONAL DE MATERIA--NOMBRE GEOGRÁFICO
Nombre geográfico América Latina
653 #0 - TÉRMINO DE INDIZACIÓN--NO CONTROLADO
Término no controlado PEDAGOGIA CRITICA
653 #0 - TÉRMINO DE INDIZACIÓN--NO CONTROLADO
Término no controlado GLOBALIZACION
653 #0 - TÉRMINO DE INDIZACIÓN--NO CONTROLADO
Término no controlado EDUCACION Y PODER
653 #0 - TÉRMINO DE INDIZACIÓN--NO CONTROLADO
Término no controlado POSMODERNIDAD
653 #0 - TÉRMINO DE INDIZACIÓN--NO CONTROLADO
Término no controlado DISCRIMINACION EDUCATIVA
700 1# - ENTRADA AGREGADA--NOMBRE PERSONAL
Nombre de persona Imbernón, Francisco
Término indicativo de función/relación coordinador
700 1# - ENTRADA AGREGADA--NOMBRE PERSONAL
Nombre de persona Bartolome, Lilia
700 1# - ENTRADA AGREGADA--NOMBRE PERSONAL
Nombre de persona Flecha, Ramón
700 1# - ENTRADA AGREGADA--NOMBRE PERSONAL
Nombre de persona Gimeno Sacristán, José
700 1# - ENTRADA AGREGADA--NOMBRE PERSONAL
Nombre de persona Giroux, Henry A.
700 1# - ENTRADA AGREGADA--NOMBRE PERSONAL
Nombre de persona Macedo, Donaldo
700 1# - ENTRADA AGREGADA--NOMBRE PERSONAL
Nombre de persona Popkewitz, Thomás S.
700 1# - ENTRADA AGREGADA--NOMBRE PERSONAL
Nombre de persona Subirats, Marina
942 ## - ELEMENTOS DE ENTRADA SECUNDARIOS (KOHA)
Tipo de ítem Koha Libros
998 ## - INFORMACIÓN DE CONTROL LOCAL (RLIN)
Iniciales del catalogador, CIN (RLIN) Carmen
Holdings
Estatus retirado Estado de pérdida Fuente de la clasificación o esquema de estantería Estado de daño No para préstamo Biblioteca de origen Biblioteca actual Fecha de adquisición Total de préstamos Signatura topográfica completa Código de barras Visto por última vez Precio de reemplazo Tipo de ítem Koha Restricciones de uso Ubicación en estantería
    Clasificación Decimal Dewey     Liberty Liberty 28/11/2025   37.014 IMB 119067 28/11/2025 28/11/2025 Libros    
    Clasificación Decimal Dewey     Liberty Liberty 28/11/2025   37.014 IMB 128022 28/11/2025 28/11/2025 Libros    
    Clasificación Decimal Dewey     Liberty Liberty 28/11/2025   37.014 IMB 128023 28/11/2025 28/11/2025 Libros    
    Clasificación Decimal Dewey   No para préstamo Liberty Liberty 28/11/2025   37.014 IMB 128689 28/11/2025 28/11/2025 Libros Acceso restringido